000 00603nam a2200205 a 4500
005 20240806063807.0
008 160603s2015 mx r 000 0 spa d
020 _a9786074953961
035 _aUPN01000211108
049 _aCG
050 4 _aPQ7798.416 E7.7
_bP5.6
100 1 _aFerreyro Lamela, Guillermo Marcelino,
_d1963-
_939502
245 1 0 _aPinturitas /
_cGuillermo Ferreyro Lamela.
260 _aToluca :
_bGobierno del Estado de México :
_bFOEM,
_c2015.
300 _a159 p.
440 0 _aLetras.
_pNarrativa
650 4 _aCuentos argentinos
_912203
905 _aLibro
999 _c183209
_d183209